000 006290000a22002050004500
003 LK-CoMWRAF
005 20240113003238.0
008 230817t1996 ||||| |||| 00| 0 eng d
020 _a9559592602
040 _aLK-CoMWRAF
_dLK-CoMWRAF
_eLK-CoMWRAF
041 _atam
082 _a894.8113
_bKAM
100 _a கமால், திக்குவல்லை
_vKamal, Dickwella
245 _aவிடுதலை (சிறுகதைகள்)
246 _aViduthalai (Short stories)
260 _aColombo:
_bPesum pena veliyeedu,
_c1998
300 _ax.,85 p.
650 _aTAMIL FICTION-Short stories
942 _cBK
999 _c2840
_d2840